| 000 | 008210000a22002290004500 | ||
|---|---|---|---|
| 001 | 9999 | ||
| 010 | _a972-8325-13-4 | ||
| 100 | _a20020906d1997 k y0pory5003 ba | ||
| 101 | 0 | _apor | |
| 102 | _aPT | ||
| 200 | 1 |
_aO cuidar e sospirar 1483 _ffixação do texto, introd. e notas por Margarida Vieira Mendes |
|
| 205 | _a2ª ed | ||
| 210 |
_aLisboa _cComissão Nacional para as Comemorações dos Descobrimentos Portugueses _d1997 |
||
| 215 | _a190 p | ||
| 225 | 2 |
_aOutras margens _iSérie poesia do tempo dos descobrimentos |
|
| 517 | 1 | _aO cuidar e suspirar 1483 | |
| 675 |
_a821.134.3-1"14" _vBN _zpor |
||
| 675 |
_a821.134.3.09"14" _vBN _zpor |
||
| 702 | 1 |
_931440 _4340 _aMendes _bMargarida Vieira |
|
| 090 | _a9999 | ||
| 942 |
_cMON _n0 |
||
| 999 | _a9999 | ||